01617cam a2200301 a 450000100100000000500170001000800410002702000150006803500190008303500200010204000300012208200210015210000360017324501680020926001090037730000330048650400550051952003870057465000310096165000310099270000360102370000360105970000410109591000340113604900090117095201190117999900170129800001450720200929163849.0950905s1995 ck a b 000 0 spa d a9586015874 a(DLC) 95199577 a(OCoLC)32873272 aDO-SdBNPbspacBNPHUdDLC a303.69861bD285d1 aDeas, Malcolm D.,d1941-93146710aDos ensayos especulativos sobre la violencia en Colombia /cMalcolm Deas y Fernando Gaitán Daza ; traducido por Juan Manuel Pombo ; prólogo Armando Montenegro. aColombia :bFondo Financiero de Proyectos de Desarrollo ;bDepartamento Nacional de Planeación,c1995. axxi, 415 p. :bil. ;c21 cm. aIncluye referencias bibliográficas: (p. 407-415)1 a"Dos libros-length 'ensayos' analizar la Violencia. Deas, historiador presenta una reflexión histórica y comparativa sobre la violencia política, mientras que el economista Gaitán Daza utiliza nuevos métodos para estudiar la violencia actual, y para refutar las teorías anteriores que trataron de explicar su alta incidencia "- Handbook of Latin American Studies, v. 58. 4aViolenciazColombia932756 4aEnsayos colombianos9148111 aGaitán Daza, Fernando,9327571 aPombo, Juan Manuel,etr.9327581 aMontenegro, Armando,epról.932759 aCatalogación por copia / LC aBNGR 001050718MOaGRbGRcCTd2010-01-13iLF1l0o303.69861 D285dp14507-10r2020-06-25w2020-06-25y1ZNo se presta c14096d14096